| 000 | 00674nam a22002057a 4500 | ||
|---|---|---|---|
| 005 | 20151105115553.0 | ||
| 010 | _aENG-113987 | ||
| 020 |
_c450.00 _a9780199459681 |
||
| 035 | _aEN-97519 | ||
| 037 |
_bDBAD/PUB _adpl |
||
| 082 | _aS | ||
| 100 | _aDiwakar, S. | ||
| 245 |
_aHundred of streets to the place of lights / _cby S. Diwakar ; edited by Mini Krishnan ; translated from Kannada by Susheela Punitha |
||
| 260 |
_aNew Delhi _bOxford University Press _c2015 |
||
| 270 |
_aYMCA Library Building, 1, Jai Singh Road, _bNew Delhi _e110001 |
||
| 300 |
_axxvii,166p. _c21cm(pbk) |
||
| 700 | _aMini Krishnan | ||
| 700 | _aPunitha, Susheela | ||
| 942 |
_2ddc _cEN _mDIW _hS |
||
| 999 |
_c96656 _d96656 |
||